|
|
|
|
| LEADER |
00000cam a2200000 7i4500 |
| 001 |
0000003553 |
| 005 |
20220105103948.0 |
| 008 |
070719 |
| 020 |
|
|
|a 1844584062
|
| 090 |
0 |
0 |
|a JP
|b ANM ENG (3317)
|
| 100 |
1 |
|
|a Vrbova, Zuza
|
| 245 |
1 |
0 |
|a Piers finds his voice
|c Zuza Vrbova; illustrated by Tom Morgan-Jones
|
| 260 |
|
|
|a London :
|b Chrysalis Children's Book ,
|c 2005
|
| 440 |
|
|
|a Top of the class
|
| 500 |
|
|
|a Children age 4-6 years old (yellow)
|
| 650 |
|
0 |
|a Animals
|
| 650 |
|
0 |
|a Junior preschool
|x English
|x Languages
|
| 700 |
1 |
|
|a Morgan-Jones, Tom
|
| 710 |
0 |
|
|a Title
|
| 999 |
|
|
|a 0000966676
|b Book
|c Children Collection
|e Perbadanan Perpustakaan Awam Johor
|